| 000 | 00548nam a22001937a 4500 | ||
|---|---|---|---|
| 003 | KenMUT | ||
| 005 | 20250930150008.0 | ||
| 008 | 250930b |||||||| |||| 00| 0 eng d | ||
| 020 | _a9780558751982 | ||
| 040 | _cMUT | ||
| 050 |
_aQA 303.2 _b.V37 2007 |
||
| 100 | _aVarberg, Dale | ||
| 245 |
_aCalculus : _bearly transcendental / |
||
| 260 |
_aNew York _bLearning Solutions _c2007 |
||
| 650 | _aCalculus | ||
| 700 | _aPurcell, Edwin J. | ||
| 700 | _aRigdon, Steven E. | ||
| 942 |
_2lcc _cBK _n0 |
||
| 999 |
_c23327 _d23327 |
||